Annual enrollment census : comparisons and projections (Record no. 62473)

MARC details
000 -CABECERA
campo de control de longitud fija 00579nam a2200205 a 4500
005 - FECHA Y HORA DE LA ÚLTIMA TRANSACCIÓN
campo de control 20210219152851.0
008 - ELEMENTOS DE LONGITUD FIJA--INFORMACIÓN GENERAL
campo de control de longitud fija 991125n 000 0 eng u
035 ## - NÚMERO DE CONTROL DEL SISTEMA
Número de control de sistema UPN01000064191
100 ## - ASIENTO PRINCIPAL--NOMBRE PERSONAL
Nombre de persona Becker, Lee B.
222 ## - TÍTULO CLAVE
Título clave JOURNALISM AND MASS COMMUNICATION EDUCATOR
245 ## - MENCIÓN DE TÍTULO
Título Annual enrollment census : comparisons and projections
300 ## - DESCRIPCIÓN FÍSICA
Extensión 50-60
362 ## - FECHAS DE PUBLICACIÓN Y/O DESIGNACIÓN SECUENCIAL
Fecha de publicación y/o designación secuencial 1991 46, no. 3
653 0# - TERMINO DE INDIZACION - NO CONTROLADO
Término no controlado CURSOS AISLADOS
653 0# - TERMINO DE INDIZACION - NO CONTROLADO
Término no controlado EDUCACION PERIODISTICA
653 0# - TERMINO DE INDIZACION - NO CONTROLADO
Término no controlado ESTADISTICAS EDUCATIVAS
653 0# - TERMINO DE INDIZACION - NO CONTROLADO
Término no controlado GRADOS ACADEMICOS
904 ## - ELEMENTOS DE DATOS D LOCAL, LDD (RLIN)
a AC
b 002002
905 ## - TIPO DE MATERIAL
Tipo de material Articulo

No items available.